000 00718cab a2200205 4500
001 ABS43373
008 090401t1990 xxu||||| |||| 00| 0 eng d
035 _a(Sirsi) u41482
041 _aeng
100 _aArnold-Foster, J.
245 4 _aThe lay of the land
260 _c1990
350 _a0
490 _aLocal Government Chronicle
_vSupplement 21 September 1990, 20(1)
520 _aDiscusses the advantages of geographical information systems for local authorities who have to store vast amounts of data, some of which is duplicated in paper reliant systems.
650 _aLAND INFORMATION SYSTEMS
690 _aMANAGEMENT-BUSINESS MANAGEMENT-INFORMATION MANAGEMENT
942 _n0
948 _c04/03/1997
999 _c26644
_d26644